[Event "Logumkloster op"]
[Site "Logumkloster"]
[Date "2023.04.11"]
[Round "3"]
[White "Christensen, Benny"]
[Black "Lauritzen, Vagn"]
[Result "1-0"]
[WhiteElo "1724"]
[BlackElo "1590"]
[PlyCount "79"]
[EventDate "2023.04.11"]
[EventType "swiss"]
[EventRounds "7"]
[EventCountry "DEN"]
[SourceTitle "EXT 2025"]
[Source "ChessBase"]
[SourceDate "2024.10.14"]
[SourceVersion "1"]
[SourceVersionDate "2024.10.14"]
[SourceQuality "1"]

1. e4 e6 2. d4 d5 3. e5 c5 4. c3 Nc6 5. Bb5 Bd7 6. Nf3 Qb6 7. a4 Nge7 8. 0-0 Nf5 9. Bd3 Nce7 10. dxc5 Qxc5 11. Bxf5 Nxf5 12. Nd4 Nxd4 13. cxd4 Qc7 14. Qg4 Qd8 15. Nc3 Rc8 16. Bg5 Qb6 17. Rab1 Rc4 18. Be3 g6 19. Qf3 Bxa4 20. Nxa4 Rxa4 21. Qf6 Rg8 22. Rfc1 Rc4 23. Rxc4 dxc4 24. d5 Qd8 25. Qxd8+ Kxd8 26. Bxa7 Bg7 27. Bb6+ Kd7 28. dxe6+ Kxe6 29. f4 Rc8 30. Rc1 Rc6 31. Bd4 Kd5 32. Bc3 b5 33. Rd1+ Ke6 34. Rd8 f6 35. Rb8 fxe5 36. fxe5 Rc5 37. Rb6+ Kf5 38. e6 Bxc3 39. e7 Re5 40. Rxb5 1-0

[Event "Logumkloster op"]
[Site "Logumkloster"]
[Date "2023.04.11"]
[Round "7"]
[White "Lauritzen, Vagn"]
[Black "Jensen, Scot Wolfgang"]
[Result "0-1"]
[WhiteElo "1590"]
[BlackElo "1567"]
[PlyCount "138"]
[EventDate "2023.04.11"]
[EventType "swiss"]
[EventRounds "7"]
[EventCountry "DEN"]
[SourceTitle "EXT 2025"]
[Source "ChessBase"]
[SourceDate "2024.10.14"]
[SourceVersion "1"]
[SourceVersionDate "2024.10.14"]
[SourceQuality "1"]

1. e4 e5 2. Nf3 d6 3. c3 Qf6 4. d4 Bg4 5. Be2 h6 6. Nbd2 Ne7 7. Nc4 Ng6 8. Ne3 Bd7 9. Qb3 b6 10. Nd5 Qd8 11. 0-0 c6 12. Ne3 Nf4 13. Bc4 Qf6 14. Rd1 b5 15. Bd3 g5 16. d5 Nxd3 17. Rxd3 c5 18. c4 b4 19. h3 Bxh3 20. gxh3 Qxf3 21. Nf5 Qxe4 22. Ng3 Qg6 23. Qd1 f5 24. a3 f4 25. Qh5 Qxh5 26. Nxh5 Na6 27. axb4 Nxb4 28. Rda3 a6 29. Bd2 Kf7 30. Bxb4 cxb4 31. Rxa6 Rxa6 32. Rxa6 Kg6 33. c5 Kxh5 34. c6 Rh7 35. Rb6 Rc7 36. Rxb4 Kg6 37. Rb7 Rc8 38. b4 Kf6 39. b5 Be7 40. b6 Bd8 41. Kg2 e4 42. Kf1 Ke5 43. c7 Bxc7 44. Rxc7 Rb8 45. Rh7 Rxb6 46. Rxh6 f3 47. Ke1 Kxd5 48. Rh5 Kd4 49. Rxg5 d5 50. h4 Kc3 51. Rxd5 Rh6 52. h5 Kc4 53. Rg5 Kd4 54. Kd2 Ra6 55. Rg6 Ra2+ 56. Ke1 Ke5 57. h6 Ra1+ 58. Kd2 Rh1 59. Ra6 Kf5 60. Ke3 Re1+ 61. Kd2 Re2+ 62. Kd1 Rxf2 63. h7 Rh2 64. Ra7 Kf4 65. Ke1 e3 66. Rf7+ Ke4 67. Re7+ Kd4 68. Rd7+ Kc5 69. Rc7+ Kd6 0-1

[Event "Logumkloster op"]
[Site "Logumkloster"]
[Date "2023.04.11"]
[Round "4"]
[White "Lauritzen, Vagn"]
[Black "Trane, Kim Juul"]
[Result "1/2-1/2"]
[WhiteElo "1590"]
[BlackElo "1625"]
[PlyCount "59"]
[EventDate "2023.04.11"]
[EventType "swiss"]
[EventRounds "7"]
[EventCountry "DEN"]
[SourceTitle "EXT 2025"]
[Source "ChessBase"]
[SourceDate "2024.10.14"]
[SourceVersion "1"]
[SourceVersionDate "2024.10.14"]
[SourceQuality "1"]

1. e4 c5 2. Bc4 Nc6 3. Nf3 e6 4. c3 a6 5. d4 b5 6. Bb3 c4 7. Bc2 d5 8. e5 f5 9. Bf4 Nge7 10. Ng5 h6 11. Qh5+ g6 12. Qh3 hxg5 13. Qxh8 gxf4 14. Nd2 b4 15. Nf3 bxc3 16. bxc3 Qa5 17. Kd2 Rb8 18. Ng5 Nxd4 19. Qf6 Rb2 20. Qf7+ Kd7 21. Rhc1 Bh6 22. h4 Rxa2 23. Rxa2 Qxa2 24. cxd4 Bxg5 25. hxg5 c3+ 26. Kxc3 Qc4+ 27. Kb2 Qxd4+ 28. Kb1 Qb4+ 29. Ka1 Qa3+ 30. Kb1 1/2-1/2

[Event "South Jutland-chT 2223"]
[Site "Denmark"]
[Date "2023.02.23"]
[Round "5"]
[White "Lauritzen, Vagn"]
[Black "Leimand, Peter Martin"]
[Result "0-1"]
[WhiteElo "1619"]
[BlackElo "1933"]
[PlyCount "58"]
[EventDate "2022.10.30"]
[EventType "team-tourn"]
[EventRounds "7"]
[EventCountry "DEN"]
[SourceTitle "EXT 2025"]
[Source "ChessBase"]
[SourceDate "2024.10.14"]
[SourceVersion "1"]
[SourceVersionDate "2024.10.14"]
[SourceQuality "1"]
[WhiteTeam "Logumkloster"]
[BlackTeam "Ribe"]
[WhiteTeamCountry "DEN"]
[BlackTeamCountry "DEN"]

1. e4 e6 2. d4 d5 3. Nd2 Nf6 4. Bd3 c5 5. c3 Nc6 6. Ngf3 cxd4 7. cxd4 Bb4 8. e5 Nd7 9. 0-0 a5 10. a3 Be7 11. Bb5 Qb6 12. Qa4 f5 13. b4 Nxd4 14. bxa5 Nxf3+ 15. Nxf3 Rxa5 16. Be3 Qxb5 17. Qxb5 Rxb5 18. Nd4 Rb6 19. f4 0-0 20. a4 Bc5 21. Rfc1 Rb4 22. Rd1 Nb6 23. a5 Nc4 24. Bf2 Bd7 25. a6 bxa6 26. Rxa6 Rfb8 27. Nxe6 Rb1 28. Ra1 Rxd1+ 29. Rxd1 Bxf2+ 0-1

[Event "Logumkloster op"]
[Site "Logumkloster"]
[Date "2022.03.22"]
[Round "2"]
[White "Hansen, Per"]
[Black "Lauritzen, Vagn"]
[Result "1-0"]
[WhiteElo "2086"]
[BlackElo "1600"]
[PlyCount "55"]
[EventDate "2022.03.22"]
[EventType "swiss"]
[EventRounds "7"]
[EventCountry "DEN"]
[SourceTitle "EXT 2024"]
[Source "ChessBase"]
[SourceDate "2023.10.10"]
[SourceVersion "1"]
[SourceVersionDate "2023.10.10"]
[SourceQuality "1"]

1. d4 Nf6 2. Nc3 g6 3. e4 d6 4. Bf4 Nc6 5. Nf3 Bg7 6. d5 Nb8 7. Qd2 Nbd7 8. Bh6 Bxh6 9. Qxh6 Ne5 10. Nd4 Neg4 11. Qd2 Ne5 12. f4 Ned7 13. 0-0-0 Nc5 14. Re1 a6 15. h3 b5 16. Nc6 Qd7 17. e5 Nxd5 18. Nxd5 Qxc6 19. exd6 Ne6 20. Nxc7+ Nxc7 21. Rxe7+ Kf8 22. Rxc7 Qb6 23. d7 Qxc7 24. d8Q+ Qxd8 25. Qxd8+ Kg7 26. Qd4+ f6 27. g4 Bb7 28. Qd7+ 1-0

[Event "Logumkloster op"]
[Site "Logumkloster"]
[Date "2022.03.22"]
[Round "6"]
[White "Jensen, Jens Peter"]
[Black "Lauritzen, Vagn"]
[Result "1-0"]
[WhiteElo "1419"]
[BlackElo "1600"]
[PlyCount "64"]
[EventDate "2022.03.22"]
[EventType "swiss"]
[EventRounds "7"]
[EventCountry "DEN"]
[SourceTitle "EXT 2024"]
[Source "ChessBase"]
[SourceDate "2023.10.10"]
[SourceVersion "1"]
[SourceVersionDate "2023.10.10"]
[SourceQuality "1"]

1. e4 e6 2. d3 d6 3. Be2 b5 4. Bd2 a6 5. Ba5 Nc6 6. Qd2 Bb7 7. Nf3 Nf6 8. h3 Be7 9. Na3 0-0 10. c3 Nxa5 11. b4 Nc6 12. Nc2 Ne5 13. a4 Nxe4 14. dxe4 Bxe4 15. axb5 axb5 16. Rxa8 Qxa8 17. Nxe5 dxe5 18. f3 Bxc2 19. Qxc2 Qa1+ 20. Bd1 Rd8 21. 0-0 Qa7+ 22. Kh1 Bg5 23. Qe4 f6 24. Qg4 Qb6 25. Bb3 Kf7 26. Qh5+ Kg8 27. Qg4 Rd6 28. Ra1 g6 29. Ra8+ Kg7 30. h4 h5 31. Qe4 Bf4 32. Re8 Qf2 1-0

[Event "Grenzturnering 2122 11th"]
[Site "Denmark/Germany"]
[Date "2021.10.01"]
[Round "3"]
[White "Lauritzen, Vagn"]
[Black "Petersen, Olaf"]
[Result "0-1"]
[WhiteElo "1632"]
[BlackElo "1661"]
[PlyCount "72"]
[EventDate "2021.10.01"]
[EventType "swiss"]
[EventRounds "9"]
[EventCountry "DEN"]
[SourceTitle "EXT 2025"]
[Source "ChessBase"]
[SourceDate "2024.10.14"]
[SourceVersion "1"]
[SourceVersionDate "2024.10.14"]
[SourceQuality "1"]

1. e4 c5 2. Nf3 Nc6 3. d4 e6 4. b3 d5 5. exd5 exd5 6. Bb2 Bg4 7. dxc5 Nf6 8. Be2 Bxc5 9. Nc3 0-0 10. 0-0 Re8 11. Re1 Ne4 12. Nxe4 dxe4 13. Nd2 Bxf2+ 14. Kf1 Bxe1 15. Qxe1 Bxe2+ 16. Qxe2 Nd4 17. Qc4 Qf6+ 18. Kg1 Ne2+ 19. Qxe2 Qxb2 20. Rf1 Qxc2 21. Qe3 Rad8 22. Nc4 Rd1 23. Rxd1 Qxd1+ 24. Kf2 b6 25. Nb2 Qc2+ 26. Qe2 e3+ 27. Kf3 Qf5+ 28. Kg3 Re6 29. h3 Rg6+ 30. Kh2 Qf2 31. Qf3 Qxf3 32. gxf3 Rd6 33. Kg3 Rd2 34. Nc4 e2 35. Kf2 e1Q+ 36. Kxe1 Rxa2 0-1

[Event "South Jutland-chT 2021 Series 2"]
[Site "Denmark"]
[Date "2020.12.07"]
[Round "3"]
[White "Beck, Kresten"]
[Black "Lauritzen, Vagn"]
[Result "0-1"]
[WhiteElo "1371"]
[BlackElo "1629"]
[PlyCount "86"]
[EventDate "2020.10.27"]
[EventType "team-tourn"]
[EventRounds "5"]
[EventCountry "DEN"]
[SourceTitle "EXT 2025"]
[Source "ChessBase"]
[SourceDate "2024.10.14"]
[SourceVersion "1"]
[SourceVersionDate "2024.10.14"]
[SourceQuality "1"]
[WhiteTeam "Vojens II"]
[BlackTeam "Logumkloster"]
[WhiteTeamCountry "DEN"]
[BlackTeamCountry "DEN"]

1. e4 e6 2. Nf3 c5 3. c4 Nc6 4. d3 d6 5. Nc3 a6 6. Be3 Nf6 7. h3 Be7 8. Be2 0-0 9. 0-0 Rb8 10. b3 b5 11. cxb5 axb5 12. a3 b4 13. axb4 Nxb4 14. Na2 Nc6 15. Qc2 Nd7 16. Rab1 Bf6 17. Bd2 Nde5 18. Nxe5 Bxe5 19. Bc3 Nd4 20. Bxd4 Bxd4 21. Nc1 Qa5 22. Bf3 Ba6 23. Ne2 Be5 24. Rfd1 Rb4 25. Nc1 Rfb8 26. g3 g6 27. Kg2 c4 28. dxc4 Bxc4 29. Qd2 Qc7 30. Qe3 Qb6 31. Qxb6 R8xb6 32. Nd3 Rxb3 33. Rxb3 Bxb3 34. Nxe5 Bxd1 35. Bxd1 dxe5 36. h4 Kg7 37. Kh3 f5 38. exf5 exf5 39. f3 Kf6 40. Kg2 Rb2+ 41. Kf1 f4 42. gxf4 exf4 43. Ba4 Rh2 0-1

[Event "Grenzturnering 10th"]
[Site "Leck,Tonder,Niebuell,Logumklo"]
[Date "2019.11.25"]
[Round "4"]
[White "Lauritzen, Vagn"]
[Black "Beckovic, Dzano"]
[Result "0-1"]
[WhiteElo "1629"]
[BlackElo "1754"]
[PlyCount "66"]
[EventDate "2019.09.20"]
[EventType "swiss"]
[EventRounds "9"]
[EventCountry "DEN"]
[SourceTitle "EXT 2021"]
[Source "ChessBase"]
[SourceDate "2020.10.23"]
[SourceVersion "1"]
[SourceVersionDate "2020.10.23"]
[SourceQuality "1"]

1. e4 e5 2. Nf3 d6 3. d4 exd4 4. Nxd4 a6 5. Nc3 c6 6. b3 Nf6 7. Bb2 Qe7 8. Bd3 Bg4 9. f3 Bh5 10. Qe2 Nbd7 11. 0-0-0 Ne5 12. Nf5 Qc7 13. g4 Bg6 14. h4 h6 15. g5 Nh5 16. Qf2 Nf4 17. Bf1 0-0-0 18. Na4 Kb8 19. Qb6 f6 20. Bd4 c5 21. Bxc5 Qxb6 22. Bxb6 Rd7 23. Nd4 hxg5 24. Bh3 Nxh3 25. Rxh3 g4 26. fxg4 Nxg4 27. Ne6 Bxe4 28. Nac5 Re7 29. Rxd6 Re8 30. Rd8+ Rxd8 31. Nxd8 Bxc5 32. Nxb7 Bxb6 33. Nd6 f5 0-1

[Event "Grenzturnering 10th"]
[Site "Leck,Tonder,Niebuell,Logumklo"]
[Date "2019.11.11"]
[Round "3"]
[White "Lauritzen, Vagn"]
[Black "Addisu Merdasa, Jakob Tefera"]
[Result "1-0"]
[WhiteElo "1629"]
[BlackElo "1312"]
[PlyCount "49"]
[EventDate "2019.09.20"]
[EventType "swiss"]
[EventRounds "9"]
[EventCountry "DEN"]
[SourceTitle "EXT 2021"]
[Source "ChessBase"]
[SourceDate "2020.10.23"]
[SourceVersion "1"]
[SourceVersionDate "2020.10.23"]
[SourceQuality "1"]

1. e4 e5 2. Nf3 d6 3. d4 h6 4. dxe5 Bg4 5. exd6 Bxd6 6. Nc3 Nd7 7. Be2 Ne7 8. 0-0 Bxf3 9. Bxf3 Be5 10. Ne2 Ng6 11. c3 Qf6 12. Ng3 h5 13. Nxh5 Rxh5 14. Bxh5 0-0-0 15. Qg4 Qd6 16. f4 Qb6+ 17. Kh1 Bf6 18. e5 Qb5 19. Rd1 Ngxe5 20. fxe5 Bxe5 21. Bf4 g6 22. Bxe5 gxh5 23. Qxh5 f6 24. Rxd7 Rxd7 25. Qe8+ 1-0

[Event "Grenzturnering 10th"]
[Site "Leck,Tonder,Niebuell,Logumklo"]
[Date "2019.09.20"]
[Round "1"]
[White "Lauritzen, Vagn"]
[Black "Kroeger, Dieter"]
[Result "0-1"]
[WhiteElo "1629"]
[BlackElo "1832"]
[PlyCount "118"]
[EventDate "2019.09.20"]
[EventType "swiss"]
[EventRounds "9"]
[EventCountry "DEN"]
[SourceTitle "EXT 2021"]
[Source "ChessBase"]
[SourceDate "2020.10.23"]
[SourceVersion "1"]
[SourceVersionDate "2020.10.23"]
[SourceQuality "1"]

1. e4 e6 2. d4 d5 3. Nd2 dxe4 4. Nxe4 Bd7 5. Nf3 Bc6 6. Bd3 Bxe4 7. Bxe4 c6 8. 0-0 Nf6 9. Bd3 Nbd7 10. b3 Be7 11. Bb2 0-0 12. c3 Re8 13. Qc2 Nf8 14. Ne5 Qc7 15. Rae1 c5 16. c4 Rad8 17. Nf3 b6 18. Re2 Ng6 19. g3 Qb7 20. Be4 Nxe4 21. Qxe4 Qxe4 22. Rxe4 Bf6 23. Ne5 Bxe5 24. dxe5 Rd2 25. Rb1 Red8 26. Kf1 Ne7 27. Re2 Nc6 28. Ke1 R2d3 29. Rc1 Kf8 30. f4 Rf3 31. Rd1 Rf1+ 32. Kxf1 Rxd1+ 33. Kf2 Ke7 34. Ke3 Nb4 35. Ba3 Nc6 36. Bb2 Kd7 37. Bc3 Kc7 38. Ke4 g6 39. Rd2 Rxd2 40. Bxd2 Ne7 41. g4 h5 42. h3 Kc6 43. Be1 hxg4 44. hxg4 Ng8 45. Bh4 Nh6 46. Kf3 b5 47. cxb5+ Kxb5 48. Bf2 Ng8 49. Bh4 c4 50. a4+ Kb4 51. bxc4 Kxa4 52. c5 Kb5 53. Bf2 a5 54. Ke4 Ne7 55. Kd3 a4 56. Ke4 Nc6 57. f5 gxf5+ 58. gxf5 a3 59. Be1 Kc4 0-1

[Event "Logumkloster op"]
[Site "Logumkloster"]
[Date "2019.05.07"]
[Round "5"]
[White "Nielsen, Poul Erik3"]
[Black "Lauritzen, Vagn"]
[Result "1-0"]
[WhiteElo "1538"]
[BlackElo "1616"]
[PlyCount "53"]
[EventDate "2019.03.26"]
[EventType "swiss"]
[EventRounds "7"]
[EventCountry "DEN"]
[SourceTitle "EXT 2020"]
[Source "ChessBase"]
[SourceDate "2019.10.17"]
[SourceVersion "1"]
[SourceVersionDate "2019.10.17"]
[SourceQuality "1"]

1. d4 Nf6 2. c4 g6 3. Bg5 Bg7 4. Nf3 d6 5. Nc3 c6 6. e3 Bf5 7. Bd3 Bxd3 8. Qxd3 Nbd7 9. 0-0 0-0 10. Rfd1 Qc7 11. Bh4 Rae8 12. Rab1 e5 13. dxe5 dxe5 14. Bg3 Nc5 15. Qc2 Nfd7 16. b4 Ne6 17. Ne4 f5 18. Nd6 Re7 19. Bh4 Bf6 20. Bxf6 Rxf6 21. c5 e4 22. Nd4 Ne5 23. Qc3 Rd7 24. Nxc6 Nxc5 25. bxc5 Rfxd6 26. Rxd6 Nd3 27. Rxd7 1-0

[Event "Logumkloster op"]
[Site "Logumkloster"]
[Date "2019.04.23"]
[Round "3"]
[White "Lauritzen, Vagn"]
[Black "Harbo, Ole"]
[Result "1-0"]
[WhiteElo "1616"]
[BlackElo "1364"]
[PlyCount "61"]
[EventDate "2019.03.26"]
[EventType "swiss"]
[EventRounds "7"]
[EventCountry "DEN"]
[SourceTitle "EXT 2020"]
[Source "ChessBase"]
[SourceDate "2019.10.17"]
[SourceVersion "1"]
[SourceVersionDate "2019.10.17"]
[SourceQuality "1"]

1. e4 e5 2. Nf3 d6 3. d4 exd4 4. Nxd4 Nf6 5. Nc3 a6 6. Bd3 g6 7. 0-0 Bg7 8. Bg5 Nbd7 9. Re1 0-0 10. Nd5 c5 11. Nf3 Ne5 12. Nxe5 dxe5 13. Qf3 Bf5 14. Nxf6+ Bxf6 15. Bxf6 Qxf6 16. exf5 Qd6 17. Rad1 Qb6 18. b3 Qf6 19. Qg3 Rae8 20. Re3 Kh8 21. fxg6 fxg6 22. Rf3 Qd6 23. Rxf8+ Rxf8 24. h3 Re8 25. Re1 Kg7 26. Qf3 Qc7 27. Qe4 b5 28. c4 b4 29. h4 Re6 30. f4 Kf6 31. f5 1-0

[Event "Logumkloster op"]
[Site "Logumkloster"]
[Date "2019.04.02"]
[Round "2"]
[White "Beckovic, Dzano"]
[Black "Lauritzen, Vagn"]
[Result "1-0"]
[WhiteElo "1451"]
[BlackElo "1616"]
[PlyCount "95"]
[EventDate "2019.03.26"]
[EventType "swiss"]
[EventRounds "7"]
[EventCountry "DEN"]
[SourceTitle "EXT 2020"]
[Source "ChessBase"]
[SourceDate "2019.10.17"]
[SourceVersion "1"]
[SourceVersionDate "2019.10.17"]
[SourceQuality "1"]

1. e4 e6 2. a3 c5 3. Nf3 Nc6 4. c3 a5 5. Bb5 Nf6 6. d3 Na7 7. a4 Be7 8. 0-0 0-0 9. Re1 b6 10. Bg5 Bb7 11. Nbd2 d6 12. Bxf6 Bxf6 13. d4 Nxb5 14. axb5 Qd7 15. Qb3 Rac8 16. d5 exd5 17. exd5 Rfe8 18. c4 Rxe1+ 19. Nxe1 Re8 20. Nef3 Qf5 21. Re1 Rxe1+ 22. Nxe1 Qf4 23. Nef3 Bc8 24. Qc2 Bf5 25. Qc1 Be4 26. Qe1 Bxb2 27. Qxe4 Qxe4 28. Nxe4 a4 29. Ned2 a3 30. Nb3 a2 31. Nfd2 a1Q+ 32. Nxa1 Bxa1 33. g3 f5 34. Kg2 Kf7 35. Nf3 Kf6 36. h4 h5 37. Ng5 Ke5 38. Nf7+ Kd4 39. Nxd6 Bc3 40. f4 Kd3 41. Kf3 Bf6 42. Kf2 g6 43. Ne8 Bd4+ 44. Kf3 Kxc4 45. d6 Kxb5 46. d7 c4 47. d8Q c3 48. Qxd4 1-0

[Event "Grenzturnering 9th"]
[Site "Niebuell,Leck,Tonder,Oster Ho"]
[Date "2019.03.04"]
[Round "7"]
[White "Lauritzen, Vagn"]
[Black "Wang, Peter"]
[Result "1-0"]
[WhiteElo "1610"]
[BlackElo "1909"]
[PlyCount "43"]
[EventDate "2018.09.24"]
[EventType "swiss"]
[EventRounds "9"]
[EventCountry "DEN"]
[SourceTitle "EXT 2020"]
[Source "ChessBase"]
[SourceDate "2019.10.17"]
[SourceVersion "1"]
[SourceVersionDate "2019.10.17"]
[SourceQuality "1"]

1. e4 d6 2. d4 Nf6 3. Nc3 e5 4. Nf3 Nbd7 5. Bc4 Be7 6. 0-0 c6 7. Re1 h6 8. Nh4 Nb6 9. Bb3 g6 10. Qf3 Kf8 11. Be3 Kg7 12. Rad1 Qe8 13. h3 Nh7 14. Qg3 Bf6 15. Nf5+ Bxf5 16. exf5 d5 17. dxe5 Bxe5 18. Bd4 f6 19. Bxe5 fxe5 20. Rxe5 Qf7 21. Rde1 Rhe8 22. fxg6 1-0

[Event "Grenzturnering 1617"]
[Site "Denmark"]
[Date "2017.04.25"]
[Round "8"]
[White "Lauritzen, Vagn"]
[Black "Millgramm, Stephan"]
[Result "0-1"]
[WhiteElo "1536"]
[BlackElo "1800"]
[PlyCount "52"]
[EventDate "2016.09.27"]
[EventType "swiss"]
[EventRounds "9"]
[EventCountry "DEN"]
[SourceTitle "EXT 2023"]
[Source "ChessBase"]
[SourceDate "2022.10.05"]
[SourceVersion "1"]
[SourceVersionDate "2022.10.05"]
[SourceQuality "1"]

1. e4 c5 2. Nf3 d6 3. c3 Nc6 4. d4 cxd4 5. cxd4 g6 6. Nc3 Bg7 7. Bb5 a6 8. Bc4 b5 9. Bd5 Qb6 10. Qb3 e6 11. Bxc6+ Qxc6 12. Be3 Nf6 13. 0-0 Nxe4 14. d5 exd5 15. Nxd5 Be6 16. Rfd1 Nc5 17. Rac1 Rc8 18. Bxc5 dxc5 19. Rc2 c4 20. Qe3 Qc5 21. Qe2 0-0 22. b4 Qa7 23. Nf4 Bf5 24. Rcd2 Rfe8 25. Qf1 c3 26. Rd6 c2 0-1

[Event "Grenzturnering-B 1415"]
[Site "Denmark"]
[Date "2015.03.23"]
[Round "6"]
[White "Sorensen, Helge"]
[Black "Lauritzen, Vagn"]
[Result "0-1"]
[WhiteElo "1636"]
[BlackElo "1574"]
[PlyCount "48"]
[EventDate "2014.09.23"]
[EventType "swiss"]
[EventRounds "7"]
[EventCountry "DEN"]
[SourceTitle "EXT 2023"]
[Source "ChessBase"]
[SourceDate "2022.10.05"]
[SourceVersion "1"]
[SourceVersionDate "2022.10.05"]
[SourceQuality "1"]

1. e4 e6 2. d4 d5 3. exd5 exd5 4. Nf3 Nf6 5. Bd3 Be7 6. 0-0 0-0 7. Bf4 Nc6 8. h3 a6 9. a4 Nb4 10. Nc3 b6 11. Ne5 c5 12. Be2 Bf5 13. Nd3 cxd4 14. Nxb4 dxc3 15. Nxa6 cxb2 16. Ra2 Ne4 17. Qd4 Bf6 18. Be5 Bxe5 19. Qxe5 Nd2 20. Rxb2 Nxf1 21. Qxf5 Nd2 22. Rb5 Qe7 23. Bd3 g6 24. Qxd5 Rxa6 0-1

[Event "Grenzturnering-B 1415"]
[Site "Denmark"]
[Date "2015.01.20"]
[Round "4"]
[White "Lauritzen, Vagn"]
[Black "Jensen, Jens Peter"]
[Result "1-0"]
[WhiteElo "1574"]
[BlackElo "1297"]
[PlyCount "63"]
[EventDate "2014.09.23"]
[EventType "swiss"]
[EventRounds "7"]
[EventCountry "DEN"]
[SourceTitle "EXT 2023"]
[Source "ChessBase"]
[SourceDate "2022.10.05"]
[SourceVersion "1"]
[SourceVersionDate "2022.10.05"]
[SourceQuality "1"]

1. e4 e5 2. Nf3 d6 3. d4 exd4 4. Nxd4 Be7 5. Nc3 c5 6. Nf3 Nf6 7. Bd3 Nbd7 8. 0-0 0-0 9. b3 a6 10. a4 b6 11. Bb2 Bb7 12. Nd2 Ne5 13. Nc4 Nxc4 14. bxc4 Qc7 15. Nd5 Nxd5 16. cxd5 Bc8 17. c4 f5 18. Qh5 g6 19. Qh6 Bf6 20. Bxf6 Rxf6 21. Qg5 Qg7 22. Rfe1 h6 23. Qc1 Rf7 24. Ra2 Rb8 25. Rae2 f4 26. Qc2 f3 27. Re3 Bg4 28. e5 Bf5 29. e6 Re7 30. Bxf5 gxf5 31. Rxf3 b5 32. Rg3 1-0

[Event "Grenzturnering 1314"]
[Site "Denmark"]
[Date "2014.01.28"]
[Round "4"]
[White "Lauritzen, Vagn"]
[Black "Millgramm, Stephan"]
[Result "0-1"]
[WhiteElo "1566"]
[BlackElo "1853"]
[PlyCount "64"]
[EventDate "2013.09.24"]
[EventType "swiss"]
[EventRounds "7"]
[EventCountry "DEN"]
[SourceTitle "EXT 2023"]
[Source "ChessBase"]
[SourceDate "2022.10.05"]
[SourceVersion "1"]
[SourceVersionDate "2022.10.05"]
[SourceQuality "1"]

1. e4 e6 2. d4 d5 3. Nd2 Nf6 4. Bd3 c5 5. e5 Nfd7 6. c3 cxd4 7. cxd4 Nc6 8. Ngf3 Qb6 9. Nb3 Bb4+ 10. Bd2 Bxd2+ 11. Qxd2 Qb4 12. Qc3 Qxc3+ 13. bxc3 Nb6 14. Nc5 0-0 15. 0-0 Nd7 16. Nb3 Rb8 17. Nc1 b5 18. a3 Na5 19. Rb1 a6 20. Na2 Nb6 21. Nd2 Nac4 22. Nxc4 bxc4 23. Bc2 Bd7 24. Nb4 Bb5 25. Rb2 a5 26. Na2 Ba4 27. f4 Bxc2 28. Rxc2 Na4 29. Nc1 Rb1 30. Rf3 Ra1 31. g4 Rb8 32. Kg2 Rxa3 0-1

[Event "Logumkloster-chA"]
[Site "Logumkloster"]
[Date "2013.05.14"]
[Round "5"]
[White "Schroder, Borge"]
[Black "Lauritzen, Vagn"]
[Result "0-1"]
[WhiteElo "1721"]
[BlackElo "1605"]
[PlyCount "108"]
[EventDate "2013.04.09"]
[EventType "tourn"]
[EventRounds "5"]
[EventCountry "DEN"]
[SourceTitle "EXT 2023"]
[Source "ChessBase"]
[SourceDate "2022.10.05"]
[SourceVersion "1"]
[SourceVersionDate "2022.10.05"]
[SourceQuality "1"]

1. c4 c5 2. Nc3 Nf6 3. g3 Nc6 4. Bg2 g6 5. e3 Bg7 6. Nge2 0-0 7. 0-0 d6 8. b3 Qc7 9. Bb2 Ne5 10. d4 cxd4 11. exd4 Nc6 12. Rc1 Qd8 13. d5 Ne5 14. f4 Neg4 15. Qd2 Nd7 16. h3 Qb6+ 17. Kh1 Ne3 18. Na4 Nxf1 19. Nxb6 Nxd2 20. Bxg7 Nxb6 21. Bxf8 Nxb3 22. axb3 Kxf8 23. Nd4 a6 24. Kh2 Nd7 25. b4 a5 26. Ra1 a4 27. Nb5 Nb6 28. c5 dxc5 29. bxc5 Nd7 30. c6 bxc6 31. dxc6 Nb6 32. Na3 Be6 33. Rb1 Nd5 34. Rb5 Nc7 35. Rb7 Rc8 36. Ra7 Bb3 37. Bf1 Nd5 38. Bb5 Nc3 39. c7 Nd5 40. Bxa4 Bxa4 41. Rxa4 Rxc7 42. Rd4 Nf6 43. Rd2 Rc3 44. Nb5 Re3 45. Nd4 Ne4 46. Re2 Rxe2+ 47. Nxe2 Kg7 48. Kg2 Kf6 49. Kf3 Nd6 50. g4 Ke6 51. Nc3 Nc4 52. Ne4 Nd6 53. Ng5+ Kd5 54. Nxf7 Nxf7 0-1

[Event "Logumkloster-chA"]
[Site "Logumkloster"]
[Date "2013.05.07"]
[Round "4"]
[White "Lauritzen, Vagn"]
[Black "Kallesen, Jesper"]
[Result "1-0"]
[WhiteElo "1605"]
[BlackElo "1560"]
[PlyCount "53"]
[EventDate "2013.04.09"]
[EventType "tourn"]
[EventRounds "5"]
[EventCountry "DEN"]
[SourceTitle "EXT 2023"]
[Source "ChessBase"]
[SourceDate "2022.10.05"]
[SourceVersion "1"]
[SourceVersionDate "2022.10.05"]
[SourceQuality "1"]

1. e4 e5 2. Nf3 d6 3. d4 exd4 4. Nxd4 Qe7 5. Bd3 c5 6. Nf3 Nc6 7. 0-0 Bg4 8. h3 Bxf3 9. Qxf3 0-0-0 10. Nc3 Ne5 11. Qf5+ Qe6 12. Qf4 g6 13. Nd5 Bh6 14. Qh4 Bxc1 15. Raxc1 Nxd3 16. cxd3 f6 17. b4 Ne7 18. Nxf6 Qxa2 19. bxc5 dxc5 20. Qg4+ Kc7 21. Rxc5+ Nc6 22. Nd5+ Kb8 23. Qf4+ Ka8 24. Nc7+ Kb8 25. Na6+ Ka8 26. Qb8+ Nxb8 27. Nc7# 1-0

[Event "Logumkloster-chA"]
[Site "Logumkloster"]
[Date "2013.04.16"]
[Round "2"]
[White "Knott, Richard"]
[Black "Lauritzen, Vagn"]
[Result "1/2-1/2"]
[WhiteElo "1692"]
[BlackElo "1605"]
[PlyCount "33"]
[EventDate "2013.04.09"]
[EventType "tourn"]
[EventRounds "5"]
[EventCountry "DEN"]
[SourceTitle "EXT 2023"]
[Source "ChessBase"]
[SourceDate "2022.10.05"]
[SourceVersion "1"]
[SourceVersionDate "2022.10.05"]
[SourceQuality "1"]

1. d4 Nf6 2. Nf3 g6 3. Bf4 d6 4. e3 Bg7 5. h3 b6 6. Be2 Bb7 7. 0-0 0-0 8. Nbd2 c5 9. c3 Nbd7 10. a4 Nd5 11. Bh2 N7f6 12. a5 Qd7 13. Qb3 Bc6 14. e4 Nc7 15. d5 Bb5 16. Bxb5 Qxb5 17. Qxb5 1/2-1/2

[Event "Logumkloster-chA"]
[Site "Logumkloster"]
[Date "2013.04.09"]
[Round "1"]
[White "Lauritzen, Vagn"]
[Black "Posselt, Karl"]
[Result "1/2-1/2"]
[WhiteElo "1605"]
[BlackElo "1607"]
[PlyCount "50"]
[EventDate "2013.04.09"]
[EventType "tourn"]
[EventRounds "5"]
[EventCountry "DEN"]
[SourceTitle "EXT 2023"]
[Source "ChessBase"]
[SourceDate "2022.10.05"]
[SourceVersion "1"]
[SourceVersionDate "2022.10.05"]
[SourceQuality "1"]

1. e4 d5 2. exd5 Nf6 3. Bb5+ Bd7 4. Nc3 Bxb5 5. Nxb5 Nxd5 6. Nf3 e6 7. d3 a6 8. Nbd4 c5 9. Ne2 Be7 10. b3 Bf6 11. Rb1 Nc6 12. 0-0 0-0 13. a3 b5 14. c4 Nc3 15. Nxc3 Bxc3 16. Qc2 Nd4 17. Nxd4 Bxd4 18. Re1 Re8 19. Be3 Bxe3 20. Rxe3 Qc7 21. cxb5 axb5 22. d4 Rxa3 23. Qxc5 Qxc5 24. dxc5 Ra2 25. Kf1 Rc2 1/2-1/2